liquide amniotique - Statistiques

Statistiques générales
  • Ce quiz a été pris 6 fois
  • Le résultat moyen est 16 sur 25
Statistiques - réponses
Hint Réponse % Correct
Déglutition durée 1 à 9 min
100%
volume augmente rapide avant ...SA et ...mL 20SA 300mL
100%
volume rediminue après SA 32SA
100%
volume max SA et ..L 32 SA 1L
100%
la béance cervicale est maximale à SA. 36 SA
100%
composition LA 2eme moitié 95% eau et électrolytes
100%
Anamnios absence de liquide
100%
fonctions LA antibactérien
100%
LA produit par à la 2ere moitié (essentiellement) arbre urinaire
100%
fonctions LA balance hydro électrolytique
100%
fonctions LA collecteurs
100%
apparition cavité amniotique J J9
100%
fonctions LA mécanique
100%
fonctions LA régulation thermique
100%
début excrétion urinaire S ou S S12 ou S13
100%
Déglutition très visible en echo à partir de S S16
100%
composition LA 2eme moitié (=fonction collecteur) cellules foetales et amniotiques
0%
composition LA 2eme moitié enzymes = diamine oxydase
0%
composition LA 1ere moitié (maternelle) fibroblaste et cellules épithéliales
0%
composition LA 2eme moitié hormones foetales et placentaires
0%
composition LA 2eme moitié (augmentation après 35SA) lipides dont lécithine
0%
LA produit par à la 1ere moitié peau
0%
composition LA 2eme moitié protéines = fibronectine
0%
oligoamnios très petite quantité <250mL
0%
hydramnios V > 2L
0%
Aucun quiz correspondant
Distribution des résultats
% des personnes avec chaque résultat
Percentile par nombre de réponses
Votre historique - résultats
Vous n’avez pas pris ce quiz